000 00419nam a2200169Ia 4500
001 17326
003 IN-NITTTR
005 20251114233204.0
008 251113s9999||||xx |||||||||||||| ||eng||
040 _beng
040 _cIN-NITTTR
041 _aeng
082 _a371.42 K811E
100 _aKochhar, S. K.
245 0 _aEducational and vocational guidence in secondary schools /
_cKochhar, S. K.
942 _2ddc
_cBK
999 _c19960
_d19960